| 000 | 00371nam a2200121Ia 4500 | ||
|---|---|---|---|
| 008 | 250110s9999 xx 000 0 und d | ||
| 041 | _aeng | ||
| 100 |
_aKayande Kalyani _9182675 |
||
| 245 | _aLandscape Design Proposal For Conservation Of Lonar Crater Lonar | ||
| 260 |
_bM Arch Landscape, Pune _c2014 |
||
| 300 | _a43p | ||
| 700 |
_aGuide Name:Sahasrabuddhe Swati _9210350 |
||
| 999 |
_c363542 _d363542 |
||